| 000 | 01292cam a2200337 a 4500 | ||
|---|---|---|---|
| 001 | 14357340 | ||
| 003 | Nust | ||
| 005 | 20220829122855.0 | ||
| 008 | 060428s2006 nyu b 000 1 eng | ||
| 010 | _a 2006046231 | ||
| 020 | _a0330445529 | ||
| 035 | _a(OCoLC)ocm67711541 | ||
| 040 |
_aDLC _cDLC _dWVK _dBAKER _dOCO _dC#P _dVP@ _dDLC |
||
| 043 | _an-us-ma | ||
| 050 | 0 | 0 |
_aPS3553.O5545 _bC75 2006 |
| 082 | 0 | 0 |
_a823 _bCOO |
| 100 | 1 |
_aCook, Robin, _d1940- _911492 |
|
| 245 | 1 | 0 |
_aCrisis / _cRobin Cook. |
| 260 |
_aNew York : _bG.P. Putnam's Sons, _c2006. |
||
| 300 |
_aviii, 468 p. ; _c24 cm. |
||
| 504 | _aIncludes bibliographical references (p. 468). | ||
| 650 | 0 |
_aPhysicians _xMalpractice _vFiction. _998588 |
|
| 651 | 0 |
_aBoston (Mass.) _vFiction. _912908 |
|
| 655 | 7 |
_aMedical novels. _2gsafd _911124 |
|
| 655 | 7 |
_aSuspense fiction. _2gsafd |
|
| 856 | 4 | 2 |
_3Contributor biographical information _uhttp://www.loc.gov/catdir/enhancements/fy0717/2006046231-b.html |
| 856 | 4 | 2 |
_3Publisher description _uhttp://www.loc.gov/catdir/enhancements/fy0717/2006046231-d.html |
| 906 |
_a7 _bcbc _corignew _d1 _eocip _f20 _gy-gencatlg |
||
| 942 |
_2ddc _cBK |
||
| 999 |
_c174434 _d174434 |
||